000 00357pab a2200145 454500
008 180718b2002 xxu||||| |||| 00| 0 eng d
100 _aBayti, Jamnalal
245 _aInterdisciplinary approach: a new device for research
260 _c2002
300 _ap.12-17.
362 _a20 May
650 _aResearch
773 _aUniversity News
909 _a52445
999 _c52445
_d52445